| 000 | 00555nam a2200205Ia 4500 | ||
|---|---|---|---|
| 005 | 20260429112212.0 | ||
| 008 | 260429s9999||||xx |||||||||||||| ||und|| | ||
| 020 | _a9780071410601 | ||
| 041 | _aEnglish | ||
| 082 |
_a543 _bPAT |
||
| 100 | _aPatnaik, Pradyot | ||
| 245 | 0 |
_aDean's analytical chemistry handbook / _cPradyot Patnaik |
|
| 250 | _a2nd ed. | ||
| 260 |
_aNew York : _bMcGraw Hill, _c2004. |
||
| 300 | _aI.49 p.; hb | ||
| 650 | _a Chemical analysis | ||
| 650 | _a Handbooks and manuals | ||
| 650 | _aAnalytical chemistry | ||
| 942 | _cTB | ||
| 999 |
_c52867 _d52867 |
||